| 000 | 00545nam a2200205 a 4500 | ||
|---|---|---|---|
| 005 | 20250115063754.0 | ||
| 008 | 991125s1979 bar 000 0 spa u | ||
| 020 | _a8425209161 | ||
| 035 | _aUPN01000054553 | ||
| 049 | _aCG | ||
| 050 | 4 |
_aBF203 _bP8.8 |
|
| 100 | 1 | _aPuig, Arnau | |
| 245 | 1 | 0 |
_aSociología de la forma / _cArnau Puig. |
| 260 |
_aBarcelona (Esp.) : _bA. Gili, _c1979. |
||
| 300 |
_a251 p. : _bil. |
||
| 440 | 0 | _aComunicación visual | |
| 650 | 2 |
_aPercepción visual _9631 |
|
| 650 | 4 | _aPSICOLOGIA DE LA FORMA | |
| 905 | _aLibro | ||
| 999 |
_c54553 _d54553 |
||